Normal view
MARC view
- Cooper, Denis Winfield
Entry Personal Name
001 - CONTROL NUMBER
- control field: 45667
003 - CONTROL NUMBER IDENTIFIER
- control field: NUST
005 - DATE AND TIME OF LATEST TRANSACTION
- control field: 20210314133322.0
008 - FIXED-LENGTH DATA ELEMENTS
- fixed length control field: 210314|| aca||aabn | a|a d
040 ## - CATALOGING SOURCE
- Original cataloging agency: NUST
- Transcribing agency: NUST
100 ## - HEADING--PERSONAL NAME
- Personal name: Cooper, Denis Winfield
670 ## - SOURCE DATA FOUND
- Source citation: Work cat.: (NUST): Gibson, J. E. 45666, The design of cylindrical shell roofs,, 1954.
